Tres ensayos sobre integración económica

Kaydedildi:
Detaylı Bibliyografya
Yazar: Lizano Fait, Eduardo
Materyal Türü: Metin
Baskı/Yayın Bilgisi: San José: Instituto de Investigaciones en Ciencias Sociales
Etiketler: Etiketle
Etiket eklenmemiş, İlk siz ekleyin!

MARC

LEADER 00000 a a2200000 04500
001 22276
003
040
090 |a 151300  
100 |a Lizano Fait, Eduardo  
245 |a Tres ensayos sobre integración económica  
260 |a San José:   |b Instituto de Investigaciones en Ciencias Sociales  
300 |a 117 p.  
999 |c 12528  |d 12528